000 00580nam a22002177a 4500
999 _c20628
_d20628
003 OSt
005 20210628085637.0
008 170111b xxu||||| |||| 00| 0 eng d
020 _a9780205645855
040 _aMMU
_beng
_cMMU
_dMMU
050 _a GN 325.C69 2009
100 _aSpradley, James
245 _aConformity and conflict/
_cJames Spradley.
250 _a13th ed.
260 _aNew Jersey:
_bUpper Saddle River,
_c2009.
300 _axvi,456 p. :
500 _aincludes index
650 _aConflict
700 _aDavid W.McCurdy
942 _2lcc
_cLOAN LOAN
_e13th ed.